<?xml version="1.0" encoding="UTF-8"?>
<collection xmlns="http://www.loc.gov/MARC21/slim">
 <record>
  <leader>01514nam a2200181Ia 4500</leader>
  <controlfield tag="001">CTU_142619</controlfield>
  <controlfield tag="008">210402s9999    xx            000 0 und d</controlfield>
  <datafield tag="082" ind1=" " ind2=" ">
   <subfield code="a">333.76</subfield>
  </datafield>
  <datafield tag="082" ind1=" " ind2=" ">
   <subfield code="b">Ph110</subfield>
  </datafield>
  <datafield tag="245" ind1=" " ind2="0">
   <subfield code="a">Phát triển hệ thống canh tác :</subfield>
  </datafield>
  <datafield tag="245" ind1=" " ind2="0">
   <subfield code="b">Hướng dẫn tổ chức và chỉ đạo các khóa đào tạo về phát triển hệ thống canh tác = Farming systems development : Guidelines for the conduct of a training course in farming systems development</subfield>
  </datafield>
  <datafield tag="245" ind1=" " ind2="0">
   <subfield code="c">Người dịch; Trần Đức Viên</subfield>
  </datafield>
  <datafield tag="260" ind1=" " ind2=" ">
   <subfield code="a">Hà Nội</subfield>
  </datafield>
  <datafield tag="260" ind1=" " ind2=" ">
   <subfield code="b">Nông nghiệp</subfield>
  </datafield>
  <datafield tag="260" ind1=" " ind2=" ">
   <subfield code="c">1995</subfield>
  </datafield>
  <datafield tag="520" ind1=" " ind2=" ">
   <subfield code="a">Tài liệu hướng dẫn này được chuẩn bị cho các giảng viên tại các khóa đào tạo về Phát triển Hệ thống canh tác, một phần trong những cố gắng của FAO nhằm đẩy mạnh lối tư duy hệ thống trong nghiên cứu các hệ canh tác thông qua đào tạo, huấn luyện và các mạng lưới hoạt động. Mục tiêu cung cấp những kiến thức về Tiếp cận phát triển hệ thống canh tác (PHC) ; giúp học viên có khả năng áp dụng Tiếp cân PHC vào môi trường công việc cụ thể.</subfield>
  </datafield>
  <datafield tag="650" ind1=" " ind2=" ">
   <subfield code="a">Cropping systems,Farming systems,Hệ thống canh tác,Hệ thống trồng trọt</subfield>
  </datafield>
  <datafield tag="980" ind1=" " ind2=" ">
   <subfield code="a">Trung tâm Học liệu Trường Đại học Cần Thơ</subfield>
  </datafield>
 </record>
</collection>
